El Indicador de nuevas bases de regimen social ó el pueblo feliz (en teoria) (Record no. 184900)
[ view plain ]
| 000 -LEADER | |
|---|---|
| campo de control de longitud fija | 00596nam a2200133 i 4500 |
| 001 - NÚMERO DE CONTROL | |
| campo de control | 184900 |
| 003 - IDENTIFICADOR DE NÚMERO DE CONTROL | |
| campo de control | ES-MaACL |
| 005 - FECHA Y HORA DE LA ÚLTIMA TRANSACCIÓN | |
| campo de control | 20230906222313.0 |
| 008 - DATOS DE LONGITUD FIJA--INFORMACIÓN GENERAL | |
| campo de control de longitud fija | 160217s1886 sp |||| | spa d |
| 245 03 - MENCIÓN DEL TÍTULO | |
| Título | El Indicador de nuevas bases de regimen social ó el pueblo feliz (en teoria) |
| Resto del título | : obra escrita para la practica / |
| Mención de responsabilidad, etc. | por un amante de la Civilizacion y felicidad humanas [J. David Pérez M.]. |
| 260 ## - PUBLICACIÓN, DISTRIBUCIÓN, ETC. | |
| Lugar de publicación, distribución, etc. | Madrid : |
| Nombre del editor, distribuidor, etc. | [s.n.], |
| Fecha de publicación, distribución, etc. | 1886 ( |
| Fabricante | Imp. de Ramon Moreno y Ricardo Rojas) |
| 300 ## - DESCRIPCIÓN FÍSICA | |
| Extensión | 299 p. ; |
| Dimensiones | 21 cm. |
| 852 ## - LOCALIZACIÓN | |
| Ubicación | ES-MaACL |
| Número de control de estantería | G-12525 |
| Nota libre | .- Dedicatoria autógrafa del autor "J. David Pérez M." |
| Estatus retirado | Estado de pérdida | Estado de daño | No para préstamo | Colección | Biblioteca de origen | Biblioteca actual | Ubicación en estantería | Fecha de adquisición | Fuente de adquisición | Total de préstamos | Signatura topográfica completa | Código de barras | Visto por última vez | Precio de reemplazo | Tipo de ítem Koha |
|---|---|---|---|---|---|---|---|---|---|---|---|---|---|---|---|
| Libros del s. XIX | Biblioteca del Ateneo de Madrid | Biblioteca del Ateneo de Madrid | Sala Pecera Planta 3 | 17/02/2016 | G-12525 | 1194743 | 23/02/2023 | 23/02/2023 | Libro impreso antiguo |
